000 00301 a2200157 4500
001 62816
020 _a888595736
040 _cAnchieta - Pituba
100 _aCesati, Franco
240 1 0 _aI Medici
_lpor
245 1 0 _aI Medici
300 _a143
362 0 _a1999
650 4 _aArtes
942 _cBK
999 _c62816
_d62816